Statistics for Quiz about Germany

Click here to take the quiz!

General Stats

  • This quiz has been taken 32 times
  • The average score is 13 of 15

Answer Stats

HintAnswer% Correct
Capital CityBerlin
100%
Official currency of GermanyEuro
100%
City that hamburgers get their name fromHamburg
100%
Federal highway system, known for largely having no speed limitAutobahn
93%
Financial CapitalFrankfurt
93%
River that creates the German-Swiss borderRhine
93%
Largest German stateBavaria
90%
Capital of West Germany from 1949-1990Bonn
90%
City where trials were held against representatives of Germany, after WW2Nuremberg
86%
Officially the National Socialist German Workers' Party, from 1920-1945Nazi Party
83%
Peninsula that part of Germany and all of Denmark are onJutland
79%
First chancellor of The German EmpireOtto von Bismarck
72%
Dominant constituent state of the German Empire in the 19th centuryPrussia
72%
River that flows through the aboveElbe
66%
Aerial-warfare branch of the German wehrmacht before and during WW2Luftwaffe
62%

Score Distribution

Percentile by Number Answered

Percent of People with Each Score

Your Score History

You have not taken this quiz